00568cam a22001577a 4500008004000000082001200040100002800052245006700080260002600147300000900173500007400182650002200256650003100278999001900309952008200328180718b1956 xxu||||| |||| 00| 0 eng d aG9 C197 aCarlston, Kenneth Smith aLaw and structures of social actioncby Kenneth Smith Carlston aLondonbStevensc1956 a288p aPublished under the auspices of the London Institute of World Affairs aInternational law aSociological jurisprudence c426958d426958 00104070aIIPAbIIPAd2009-11-06oG9 C197p4071r2018-07-21w2018-07-21yBK